Đời đời tổ quốc ghi công
Zapisane w:
| 1. autor: | |
|---|---|
| Format: | Książka |
| Język: | Undetermined |
| Wydane: |
H.
QĐND
2003
|
| Hasła przedmiotowe: | |
| Etykiety: |
Dodaj etykietę
Nie ma etykietki, Dołącz pierwszą etykiete!
|
| Thư viện lưu trữ: | Trung tâm Học liệu Trường Đại học Cần Thơ |
|---|
| LEADER | 00496nam a2200193Ia 4500 | ||
|---|---|---|---|
| 001 | CTU_55652 | ||
| 008 | 210402s9999 xx 000 0 und d | ||
| 020 | |b 285000 | ||
| 082 | |a 959.704 | ||
| 082 | |b Đ452 | ||
| 100 | |a Phạm Gia Đức | ||
| 245 | 0 | |a Đời đời tổ quốc ghi công | |
| 245 | 0 | |c Phạm Gia Đức | |
| 260 | |a H. | ||
| 260 | |b QĐND | ||
| 260 | |c 2003 | ||
| 650 | |a vietnam | ||
| 650 | |x history | ||
| 980 | |a Trung tâm Học liệu Trường Đại học Cần Thơ | ||